501 động từ tiếng Pháp /
Gorde:
| Egile nagusia: | |
|---|---|
| Beste egile batzuk: | , |
| Formatua: | Liburua |
| Hizkuntza: | Vietnamese French |
| Argitaratua: |
Hà Nội :
Thanh niên,
2003.
|
| Gaiak: | |
| Etiketak: |
Etiketa erantsi
Etiketarik gabe, Izan zaitez lehena erregistro honi etiketa jartzen!
|
| Thư viện lưu trữ: | Mạng thư viện Đại học Đà Nẵng |
|---|
| LEADER | 01067nam a2200337 a 4500 | ||
|---|---|---|---|
| 001 | 000041425 | ||
| 003 | 15891 | ||
| 005 | 20220115103405.0 | ||
| 008 | 171030s2003 | ||
| 020 | |c 65000 | ||
| 040 | |a lnn |c lnn |d lnn | ||
| 041 | 0 | |a vie |a fre | |
| 082 | 1 | 4 | |a 445 |b KE-C |
| 100 | 1 | |a Kendris, Christopher. | |
| 245 | 0 | 0 | |a 501 động từ tiếng Pháp / |c Christopher Kendris ; Ngọc Hạnh, Quỳnh Tâm. |
| 260 | |a Hà Nội : |b Thanh niên, |c 2003. | ||
| 300 | |a 660tr. ; |c 20cm. | ||
| 630 | 0 | 4 | |a Pháp ngữ. |
| 650 | 0 | 4 | |a Pháp ngữ |x Động từ. |
| 700 | 1 | |a Ngọc Hạnh. | |
| 700 | 1 | |a Quỳnh Tâm. | |
| OWN | |a LNN | ||
| AVA | |a UDN50 |b LNN |c French |d 445 KE-C |e available |t Error 5001 Not defined in file expand_doc_bib_avail. |f 10 |g 0 |h N |i 0 |j PN | ||
| 999 | |a From the UDN01 | ||
| AVA | |a UDN50 |b LNN |c French |d 445 KE-C |e available |t Error 5001 Not defined in file expand_doc_bib_avail. |f 10 |g 0 |h N |i 0 |j PN | ||
| TYP | |a Monograph | ||
| TYP | |a Printed language | ||
| 980 | |a Mạng thư viện Đại học Đà Nẵng | ||